Teams in the 24/25 Champions League - Statistics

General Stats
  • This quiz has been taken 47 times
  • The average score is 21 of 25
Answer Stats
Question Tile Select % Correct
Name all the 24/25 UCL teams possible Juventus Yes
97%
Name all the 24/25 UCL teams possible AC Milan Yes
92%
Name all the 24/25 UCL teams possible Feyenoord Yes
92%
Name all the 24/25 UCL teams possible Aston Villa Yes
89%
Name all the 24/25 UCL teams possible Celtic Yes
89%
Name all the 24/25 UCL teams possible Manchester United No
89%
Name all the 24/25 UCL teams possible Spurs No
89%
Name all the 24/25 UCL teams possible Chelsea No
87%
Name all the 24/25 UCL teams possible Club Brugge Yes
87%
Name all the 24/25 UCL teams possible Frankfurt No
87%
Name all the 24/25 UCL teams possible PSV Yes
87%
Name all the 24/25 UCL teams possible Roma No
87%
Name all the 24/25 UCL teams possible AS Monaco Yes
84%
Name all the 24/25 UCL teams possible Lazio No
84%
Name all the 24/25 UCL teams possible Rangers No
84%
Name all the 24/25 UCL teams possible Stuttgart Yes
82%
Name all the 24/25 UCL teams possible Brest Yes
79%
Name all the 24/25 UCL teams possible Dynamo Kyiv No
79%
Name all the 24/25 UCL teams possible Napoli No
76%
Name all the 24/25 UCL teams possible Real Sociedad No
74%
Name all the 24/25 UCL teams possible Shakhtar Yes
74%
Name all the 24/25 UCL teams possible Ajax No
71%
Name all the 24/25 UCL teams possible FC Red Bull Salzburg Yes
71%
Name all the 24/25 UCL teams possible Sparta Praha Yes
71%
Name all the 24/25 UCL teams possible Porto No
66%
No matching quizzes found
Score Distribution
Percent of People with Each Score
Percentile by Number Answered
Your Score History
You have not taken this quiz